[Event "Cappelle Online Blitz op"]
[Site "Europe Echecs INT"]
[Date "2021.03.07"]
[Round "9"]
[White "Boyer, Mahel"]
[Black "Salami, Reza"]
[Result "1-0"]
[WhiteElo "2333"]
[BlackElo "1885"]
[PlyCount "99"]
[EventDate "2021.03.07"]
[EventType "swiss (blitz)"]
[EventRounds "11"]
[EventCountry "FRA"]
[SourceTitle "CBM 201 Extra"]
[Source "ChessBase"]
[SourceDate "2021.05.31"]
[SourceVersion "1"]
[SourceVersionDate "2021.05.31"]
[SourceQuality "1"]

1. e4 e5 2. Nf3 Nc6 3. Bc4 Bc5 4. d3 d6 5. c3 Nf6 6. Bb3 0-0 7. Bg5 h6 8. Bh4 Be6 9. Nbd2 a6 10. Nf1 d5 11. Bxf6 gxf6 12. Qe2 dxe4 13. dxe4 f5 14. Ng3 f4 15. Nf5 Bxf5 16. exf5 e4 17. Nd2 e3 18. fxe3 Bxe3 19. 0-0-0 Qg5 20. Kb1 Qxf5+ 21. Bc2 Qg5 22. Ne4 Qg7 23. Rd7 Ne5 24. Rxc7 Rac8 25. Re7 Nc4 26. Rd1 b5 27. Qh5 Rfd8 28. Red7 Rxd7 29. Rxd7 b4 30. Qf5 Rb8 31. Nf6+ Kh8 32. Nh5 Na3+ 33. bxa3 bxa3+ 34. Bb3 Qxc3 35. Qf6+ Qxf6 36. Nxf6 Rc8 37. Rd1 Rc6 38. Nd5 Rg6 39. Nxe3 fxe3 40. Bd5 f5 41. Bf3 Rb6+ 42. Kc1 Rb2 43. Rd8+ Kg7 44. Rd3 Rxa2 45. Rxe3 Ra1+ 46. Kc2 a2 47. Ra3 Kf6 48. Rxa6+ Kg5 49. Kb2 Rh1 50. h3 1-0

[Event "Cappelle Online Blitz op"]
[Site "Europe Echecs INT"]
[Date "2021.03.07"]
[Round "5"]
[White "Milliet, Sophie"]
[Black "Salami, Reza"]
[Result "0-1"]
[WhiteElo "2390"]
[BlackElo "1885"]
[PlyCount "166"]
[EventDate "2021.03.07"]
[EventType "swiss (blitz)"]
[EventRounds "11"]
[EventCountry "FRA"]
[SourceTitle "CBM 201 Extra"]
[Source "ChessBase"]
[SourceDate "2021.05.31"]
[SourceVersion "1"]
[SourceVersionDate "2021.05.31"]
[SourceQuality "1"]

1. e4 e5 2. Nf3 Nc6 3. Bb5 a6 4. Ba4 Nf6 5. 0-0 Be7 6. Re1 b5 7. Bb3 d6 8. a4 b4 9. a5 0-0 10. d3 Bg4 11. c3 Rb8 12. Nbd2 Rb5 13. Ba4 bxc3 14. bxc3 Rc5 15. Nb3 Rxc3 16. Bb2 Rxb3 17. Bxb3 Nd7 18. Bd5 Nb4 19. Bc4 Nc5 20. Rc1 Kh8 21. h3 Bh5 22. g4 Bg6 23. Ba3 Nc6 24. Qd2 Nd4 25. Nxd4 Bg5 26. Qc3 exd4 27. Qxd4 Bxc1 28. Rxc1 Ne6 29. Qe3 Qf6 30. Bxa6 Ra8 31. Bb7 Rxa5 32. Bb4 Rb5 33. Bc3 Qf4 34. Bc6 Rc5 35. Bd5 Qxe3 36. fxe3 h5 37. d4 Rb5 38. Ra1 hxg4 39. hxg4 Ng5 40. Kf2 Bxe4 41. Bc4 Rb8 42. Be2 d5 43. Ra7 Rc8 44. Bb4 Bg6 45. Bf3 Be4 46. Be7 Nxf3 47. Ra1 f6 48. Bc5 Kg8 49. Kg3 Ng5 50. Ra7 Ne6 51. Bb4 Bg6 52. Kf3 Ng5+ 53. Ke2 Ne4 54. Ba3 c5 55. dxc5 Nc3+ 56. Kd2 Nb5 57. Ra5 Nxa3 58. Rxa3 Rxc5 59. Ra8+ Kf7 60. Rd8 Ke6 61. Rg8 Rc7 62. Ke2 Rc2+ 63. Kf3 Rc7 64. Kf4 Bh7 65. Rh8 g5+ 66. Kg3 Be4 67. Re8+ Kf7 68. Rd8 Rc2 69. Rd6 Re2 70. Rd7+ Ke6 71. Ra7 Rxe3+ 72. Kf2 Rf3+ 73. Ke2 d4 74. Ra5 Rh3 75. Ra4 Ke5 76. Ra5+ Kf4 77. Ra6 Rh2+ 78. Kd1 Ke3 79. Kc1 d3 80. Rxf6 d2+ 81. Kb2 d1Q+ 82. Ka3 Qa1+ 83. Kb4 Qxf6 0-1

[Event "Cappelle Online Blitz op"]
[Site "Europe Echecs INT"]
[Date "2021.03.07"]
[Round "1"]
[White "Salami, Reza"]
[Black "Baryshpolets, Andrey"]
[Result "0-1"]
[WhiteElo "1885"]
[BlackElo "2569"]
[PlyCount "64"]
[EventDate "2021.03.07"]
[EventType "swiss (blitz)"]
[EventRounds "11"]
[EventCountry "FRA"]
[SourceTitle "CBM 201 Extra"]
[Source "ChessBase"]
[SourceDate "2021.05.31"]
[SourceVersion "1"]
[SourceVersionDate "2021.05.31"]
[SourceQuality "1"]

1. d4 Nf6 2. Nf3 d5 3. Bf4 c5 4. e3 Nc6 5. c3 Qb6 6. Qc1 cxd4 7. exd4 Bf5 8. Be2 Rc8 9. 0-0 e6 10. Na3 Bxa3 11. bxa3 0-0 12. Qe3 h6 13. Bd3 Bxd3 14. Qxd3 Qa5 15. Rab1 Qxa3 16. Rxb7 Ne4 17. Rc1 Qxa2 18. Nd2 Nxd2 19. Bxd2 Rb8 20. Rc7 Rfc8 21. Rd7 Rd8 22. Rc7 Rbc8 23. Rb7 Qa4 24. Qg3 Kf8 25. Qf3 Ne7 26. Rcb1 Rd7 27. Rb8 Qc6 28. Qg3 Rdc7 29. Bf4 Rxb8 30. Rxb8+ Rc8 31. Rb3 Nf5 32. Qf3 Nxd4 0-1

[Event "FRA-ch Blitz Online Qual"]
[Site "Europe Echecs INT"]
[Date "2020.05.16"]
[Round "15"]
[White "Burgalat, Eliot"]
[Black "Salami, Reza"]
[Result "1-0"]
[WhiteElo "1963"]
[BlackElo "1882"]
[PlyCount "97"]
[EventDate "2020.05.16"]
[EventType "swiss (blitz)"]
[EventRounds "15"]
[EventCountry "FRA"]
[SourceTitle "CBM 196 Extra"]
[Source "ChessBase"]
[SourceDate "2020.07.31"]
[SourceVersion "1"]
[SourceVersionDate "2020.07.31"]
[SourceQuality "1"]

1. Nf3 d5 2. d4 Nf6 3. c4 Bg4 4. Nc3 e6 5. e3 Nbd7 6. Be2 c6 7. 0-0 Bd6 8. b3 0-0 9. Bb2 Ne4 10. Nxe4 dxe4 11. Ne5 Bf5 12. Rc1 f6 13. Nxd7 Qxd7 14. Bg4 Bxg4 15. Qxg4 f5 16. Qe2 Qf7 17. f4 exf3 18. Rxf3 Rae8 19. e4 Qh5 20. e5 Be7 21. Qd3 Bg5 22. Rcf1 Rd8 23. Ba3 Rf7 24. Rh3 Qg6 25. Rff3 f4 26. Qxg6 hxg6 27. Bd6 Rdd7 28. Kf2 Be7 29. c5 Bd8 30. Ke2 Ba5 31. g3 g5 32. Rh5 Bd8 33. gxf4 Rxf4 34. Rxf4 gxf4 35. Kf3 g5 36. Rh6 Kf7 37. Kg4 Kg7 38. Rxe6 Kf7 39. Rh6 Kg7 40. Rh3 Rf7 41. e6 Rf6 42. e7 Bxe7 43. Bxe7 Re6 44. Bxg5 Rg6 45. Kxf4 Kf7 46. Rh7+ Ke6 47. h4 Kd5 48. Rd7+ Ke6 49. Rd6+ 1-0

[Event "FRA-ch Blitz Online Qual"]
[Site "Europe Echecs INT"]
[Date "2020.05.16"]
[Round "7"]
[White "Paralieu, Maxime"]
[Black "Salami, Reza"]
[Result "1-0"]
[WhiteElo "1569"]
[BlackElo "1882"]
[PlyCount "91"]
[EventDate "2020.05.16"]
[EventType "swiss (blitz)"]
[EventRounds "15"]
[EventCountry "FRA"]
[SourceTitle "CBM 196 Extra"]
[Source "ChessBase"]
[SourceDate "2020.07.31"]
[SourceVersion "1"]
[SourceVersionDate "2020.07.31"]
[SourceQuality "1"]

1. d4 d5 2. c4 e6 3. Nf3 Be7 4. g3 Nf6 5. Bg2 0-0 6. 0-0 Nbd7 7. Nc3 b6 8. e3 Bb7 9. b3 Rc8 10. Bb2 c5 11. Qe2 Ne4 12. Rac1 Ndf6 13. Rfd1 Nxc3 14. Bxc3 Ne4 15. Bb2 Qe8 16. Ne5 f6 17. Nd3 Qg6 18. Nf4 Qf7 19. Bh3 f5 20. dxc5 bxc5 21. Bg2 g5 22. Nd3 Bf6 23. Ne5 Qc7 24. Nd3 d4 25. exd4 cxd4 26. Nb4 Nc3 27. Bxc3 Bxg2 28. Kxg2 Qb7+ 29. Kg1 dxc3 30. Qxe6+ Kg7 31. Nd5 Qa6 32. Qxa6 Rce8 33. Qxa7+ Rf7 34. Qa6 Re2 35. Nxf6 Rxf6 36. Qb7+ Kg6 37. Qf3 Rxa2 38. Qxc3 f4 39. gxf4 Rxf4 40. Qe3 Rfxf2 41. Qxf2 Rxf2 42. Kxf2 h5 43. c5 g4 44. c6 h4 45. c7 g3+ 46. hxg3 1-0

[Event "FRA-ch Blitz Online Qual"]
[Site "Europe Echecs INT"]
[Date "2020.05.16"]
[Round "14"]
[White "Salami, Reza"]
[Black "Antao, Amory"]
[Result "0-1"]
[WhiteElo "1882"]
[BlackElo "2099"]
[PlyCount "90"]
[EventDate "2020.05.16"]
[EventType "swiss (blitz)"]
[EventRounds "15"]
[EventCountry "FRA"]
[SourceTitle "CBM 196 Extra"]
[Source "ChessBase"]
[SourceDate "2020.07.31"]
[SourceVersion "1"]
[SourceVersionDate "2020.07.31"]
[SourceQuality "1"]

1. d4 Nc6 2. Nf3 g6 3. Nc3 d6 4. e4 Bg7 5. h3 e5 6. dxe5 Nxe5 7. Nxe5 Bxe5 8. Be3 Ne7 9. Bc4 Be6 10. Bxe6 fxe6 11. 0-0 0-0 12. Qg4 Qc8 13. Bh6 Rf7 14. f4 Bd4+ 15. Kh1 Kh8 16. Rae1 Ng8 17. Bg5 e5 18. f5 gxf5 19. exf5 c6 20. Ne4 Qd7 21. c3 Bb6 22. Rd1 d5 23. Ng3 Bd8 24. Bxd8 Rxd8 25. Nh5 Nf6 26. Nxf6 Rxf6 27. Qg5 Qf7 28. g4 Rg8 29. Qe3 e4 30. Qd4 a6 31. b3 Qg7 32. Rfe1 Qh6 33. Kg2 Qg7 34. Re3 Rxf5 35. Qxg7+ Rxg7 36. Rg3 Re5 37. c4 Rd7 38. h4 d4 39. g5 c5 40. h5 Kg7 41. Kh3 e3 42. Kh4 Re4+ 43. Kh3 d3 44. Rf3 e2 45. Re1 d2 0-1

[Event "FRA-ch Blitz Online Qual"]
[Site "Europe Echecs INT"]
[Date "2020.05.16"]
[Round "10"]
[White "Salami, Reza"]
[Black "Quere, Alexandre"]
[Result "1-0"]
[WhiteElo "1882"]
[BlackElo "2022"]
[PlyCount "125"]
[EventDate "2020.05.16"]
[EventType "swiss (blitz)"]
[EventRounds "15"]
[EventCountry "FRA"]
[SourceTitle "CBM 196 Extra"]
[Source "ChessBase"]
[SourceDate "2020.07.31"]
[SourceVersion "1"]
[SourceVersionDate "2020.07.31"]
[SourceQuality "1"]

1. d4 Nf6 2. Nf3 g6 3. Nc3 c5 4. dxc5 Na6 5. e4 Nxc5 6. e5 Ng8 7. Bc4 Bg7 8. 0-0 Ne6 9. Be3 Qc7 10. Bb3 Bxe5 11. Nb5 Qb8 12. Bd4 Bxd4 13. Nfxd4 Nf6 14. Nxe6 dxe6 15. Qd2 a6 16. Nc3 0-0 17. Rad1 b5 18. Qh6 Ra7 19. Rd3 Rd7 20. Rh3 Rd4 21. Ne2 Re4 22. Ng3 Rg4 23. c3 Qf4 24. Bd1 Qxh6 25. Rxh6 Rc4 26. Re1 Kg7 27. Rh3 e5 28. b3 Rxc3 29. Nh5+ Nxh5 30. Rxc3 f6 31. Bxh5 gxh5 32. Rec1 Bf5 33. Rc7 Rf7 34. Ra7 e6 35. Rxf7+ Kxf7 36. Rc6 Bd3 37. Rxa6 e4 38. Ra7+ Kg6 39. g3 f5 40. a4 bxa4 41. bxa4 e5 42. a5 f4 43. a6 e3 44. fxe3 fxe3 45. Re7 e4 46. a7 e2 47. Kf2 Kf6 48. Rxh7 e3+ 49. Ke1 Kg5 50. Rg7+ Kf6 51. Rg8 Be4 52. a8Q Bxa8 53. Rxa8 Kf5 54. Re8 Kg4 55. Rxe3 Kh3 56. Rxe2 h4 57. Rf2 hxg3 58. hxg3 Kxg3 59. Ke2 Kg4 60. Ke3 Kg5 61. Rf4 Kg6 62. Ke4 Kg5 63. Ke5 1-0

[Event "Europe Echecs online op April"]
[Site "Europe Echecs INT"]
[Date "2020.04.11"]
[Round "1"]
[White "Jobava, Baadur"]
[Black "Salami, Reza"]
[Result "1-0"]
[WhiteElo "2620"]
[BlackElo "1882"]
[PlyCount "139"]
[EventDate "2020.04.11"]
[EventType "swiss (blitz)"]
[EventRounds "11"]
[EventCountry "FRA"]
[SourceTitle "EXT 2021"]
[Source "ChessBase"]
[SourceDate "2020.10.23"]
[SourceVersion "1"]
[SourceVersionDate "2020.10.23"]
[SourceQuality "1"]

1. d4 Nf6 2. c4 e6 3. Nc3 Bb4 4. e3 d5 5. cxd5 exd5 6. Bd3 0-0 7. Nge2 c6 8. Bd2 Bd6 9. Rc1 Re8 10. 0-0 Nbd7 11. f3 c5 12. Kh1 a6 13. Bb1 cxd4 14. exd4 Nf8 15. Bf4 Be6 16. Qd2 Ng6 17. Bxd6 Qxd6 18. Na4 b6 19. a3 Rac8 20. Qb4 Qxb4 21. axb4 Nd7 22. Bd3 a5 23. bxa5 bxa5 24. Kg1 Ne7 25. Kf2 Nc6 26. Bb5 Nb4 27. Nf4 Rxc1 28. Rxc1 Rd8 29. Nxe6 fxe6 30. Rc7 Nf8 31. Nc5 Rb8 32. Rb7 Rxb7 33. Nxb7 Nc2 34. Nxa5 Nxd4 35. Ba4 Kf7 36. Ke3 Nf5+ 37. Kd3 Ke7 38. b4 Kd6 39. Nb7+ Kc7 40. Nc5 Kd6 41. f4 Nh4 42. g3 Nf5 43. g4 Nh6 44. h3 Nf7 45. Nb7+ Kc7 46. Nc5 Kd6 47. Be8 Nd8 48. Kd4 Ke7 49. Ba4 Kd6 50. b5 Ng6 51. Nd3 Nb7 52. Bc2 Na5 53. f5 e5+ 54. Kc3 Ne7 55. Nf2 d4+ 56. Kb4 Nb7 57. Ne4+ Kd5 58. f6 gxf6 59. Nxf6+ Kd6 60. Ne4+ Kd5 61. g5 Ke6 62. Nc5+ Nxc5 63. Kxc5 Ng6 64. b6 Kd7 65. Bf5+ Kd8 66. Kd6 Ne7 67. Bxh7 Nc8+ 68. Kc5 Kd7 69. Bf5+ Kd8 70. b7 1-0

[Event "Budapest FS05 FM"]
[Site "Budapest"]
[Date "2016.05.10"]
[Round "8"]
[White "Tatarintsev, Egor"]
[Black "Salami, Reza"]
[Result "1-0"]
[WhiteElo "2021"]
[BlackElo "1948"]
[PlyCount "93"]
[EventDate "2016.05.07"]
[EventType "tourn"]
[EventRounds "10"]
[EventCountry "HUN"]
[SourceTitle "CBM 172 Extra"]
[Source "ChessBase"]
[SourceDate "2016.06.21"]
[SourceVersion "1"]
[SourceVersionDate "2016.06.21"]
[SourceQuality "1"]

1. e4 e5 2. Nf3 Nc6 3. Bb5 f5 4. Nc3 fxe4 5. Nxe4 Nf6 6. Qe2 d6 7. d4 Bd7 8. dxe5 Nxe5 9. Nxe5 dxe5 10. Bg5 Be7 11. Bxf6 Bxf6 12. Qh5+ Kf8 13. 0-0-0 Qe8 14. Nxf6 Qxh5 15. Nxh5 Bxb5 16. Rhe1 Re8 17. f3 Bc6 18. Rd2 Kf7 19. Rde2 g6 20. Ng3 Kf6 21. Ne4+ Kf5 22. Nc5 Re7 23. Nb3 Kf6 24. Nd4 Bd5 25. Re3 Rhe8 26. Ne2 e4 27. Nc3 Bc6 28. fxe4 b5 29. b4 Ke5 30. Kd2 Re6 31. Rd3 Kf6 32. Rd4 a6 33. Ke3 Bb7 34. h4 Rc6 35. Kd3 Rce6 36. Re3 Re5 37. Rd7 R8e7 38. Rxe7 Rxe7 39. Ke2 Re5 40. Rf3+ Ke6 41. Kd3 c5 42. a3 c4+ 43. Kd4 g5 44. Rf8 Bc6 45. Rc8 Bd7 46. Ra8 Kf6 47. Nd5+ 1-0

[Event "Budapest FS05 FM"]
[Site "Budapest"]
[Date "2016.05.09"]
[Round "7"]
[White "Salami, Reza"]
[Black "Bensaid, Simon"]
[Result "0-1"]
[WhiteElo "1948"]
[BlackElo "1844"]
[PlyCount "66"]
[EventDate "2016.05.07"]
[EventType "tourn"]
[EventRounds "10"]
[EventCountry "HUN"]
[SourceTitle "CBM 172 Extra"]
[Source "ChessBase"]
[SourceDate "2016.06.21"]
[SourceVersion "1"]
[SourceVersionDate "2016.06.21"]
[SourceQuality "1"]

1. d4 d5 2. Nf3 Nf6 3. Bf4 c5 4. e3 Nc6 5. c3 Qb6 6. Qb3 c4 7. Qc2 Bf5 8. Qc1 e6 9. Be2 Be7 10. Nbd2 0-0 11. Ne5 Nxe5 12. dxe5 Ne4 13. Nf3 Nc5 14. 0-0 Rfc8 15. Rd1 Qd8 16. Bxc4 g5 17. Bg3 h5 18. h3 g4 19. hxg4 hxg4 20. Nh2 Bh4 21. Be2 Bxg3 22. fxg3 Ne4 23. Rd4 Qg5 24. Bd1 Kg7 25. Bc2 Rh8 26. Bxe4 Bxe4 27. Nf1 Qh5 28. Rxe4 dxe4 29. Qd1 Rad8 30. Qe2 Rd5 31. Nd2 Qh1+ 32. Kf2 Qxa1 33. Qxg4+ Kf8 0-1

[Event "FRA-chT3 Gr5 "]
[Site "Bretagne"]
[Date "2006.05.02"]
[Round "8.4"]
[White "Salami, Reza"]
[Black "Stephan, Victor"]
[Result "0-1"]
[WhiteElo "2092"]
[BlackElo "1990"]
[PlyCount "60"]
[EventDate "2006.??.??"]
[EventType "team"]
[EventRounds "9"]
[EventCountry "FRA"]
[SourceTitle "EXT 2007"]
[Source "ChessBase"]
[SourceDate "2006.11.23"]
[SourceVersion "1"]
[SourceVersionDate "2006.11.23"]
[SourceQuality "1"]
[WhiteTeam "Brest"]
[WhiteTeamCountry "FRA"]

1. d4 e6 2. Nf3 Nf6 3. Bg5 Be7 4. Nbd2 b6 5. e3 Bb7 6. Bd3 d6 7. 0-0 Nbd7 8. Re1 c5 9. c3 Rc8 10. Rc1 0-0 11. Bb1 Rc7 12. Qe2 Qa8 13. e4 cxd4 14. Nxd4 a6 15. f4 Rfc8 16. Qd3 Nf8 17. Qh3 b5 18. Re3 b4 19. e5 dxe5 20. fxe5 Nd5 21. Bxe7 Nxe7 22. Rg3 bxc3 23. bxc3 Qa7 24. Kh1 Qxd4 25. Nf3 Rxc3 26. Rg1 Bxf3 27. gxf3 Nfg6 28. Qh5 Rc1 29. Qg5 Rxg1+ 30. Rxg1 Qxe5 0-1

[Event "FRA-chT2 0405"]
[Site "France"]
[Date "2004.11.06"]
[Round "2.1"]
[White "Salami, Reza"]
[Black "Jianu, Vlad Cristian"]
[Result "0-1"]
[WhiteElo "2117"]
[BlackElo "2442"]
[PlyCount "76"]
[EventDate "2004.10.10"]
[EventType "team"]
[EventRounds "11"]
[EventCountry "FRA"]
[SourceTitle "EXT 2006"]
[Source "ChessBase"]
[SourceDate "2005.11.24"]
[SourceVersion "1"]
[SourceVersionDate "2005.11.24"]
[SourceQuality "1"]
[WhiteTeam "Nantes"]
[BlackTeam "Clermont Ferrand"]
[WhiteTeamCountry "FRA"]
[BlackTeamCountry "FRA"]

1. d4 Nf6 2. Nf3 g6 3. Nc3 d5 4. Bf4 Bg7 5. e3 0-0 6. Be2 c5 7. Ne5 Nc6 8. h4 cxd4 9. exd4 Qb6 10. Nxc6 bxc6 11. Na4 Qa5+ 12. c3 Nd7 13. b4 Qd8 14. Qd2 Re8 15. h5 e5 16. Bg5 Qc7 17. Nc5 exd4 18. cxd4 Nxc5 19. bxc5 Ba6 20. Be3 Bxe2 21. Kxe2 Rab8 22. hxg6 fxg6 23. g3 Re4 24. Kf3 Rf8+ 25. Kg2 Qf7 26. f4 Rfe8 27. Rae1 R8e6 28. Bf2 Qe8 29. Rxe4 Rxe4 30. Re1 Rxe1 31. Bxe1 Qe4+ 32. Kh2 Bxd4 33. Qa5 h5 34. Qd8+ Kh7 35. Qd7+ Kh6 36. Bb4 Qe2+ 37. Kh3 Qf1+ 38. Kh2 Qg1+ 0-1

[Event "FRA-chT2 0405"]
[Site "France"]
[Date "2004.10.10"]
[Round "1.4"]
[White "Salami, Reza"]
[Black "Delalande, Thierry"]
[Result "0-1"]
[WhiteElo "2116"]
[BlackElo "2152"]
[PlyCount "58"]
[EventDate "2004.10.10"]
[EventType "team"]
[EventRounds "11"]
[EventCountry "FRA"]
[SourceTitle "EXT 2006"]
[Source "ChessBase"]
[SourceDate "2005.11.24"]
[SourceVersion "1"]
[SourceVersionDate "2005.11.24"]
[SourceQuality "1"]
[WhiteTeam "Brest"]
[BlackTeam "Nantes"]
[WhiteTeamCountry "FRA"]
[BlackTeamCountry "FRA"]

1. d4 d5 2. Nf3 Nf6 3. Bf4 c5 4. e3 Nc6 5. c3 Qb6 6. Qb3 c4 7. Qc2 Bf5 8. Qc1 e6 9. Nbd2 h6 10. Be2 Be7 11. 0-0 0-0 12. b3 cxb3 13. axb3 Rfc8 14. c4 a5 15. c5 Qd8 16. Qb2 b6 17. cxb6 Qxb6 18. Ra4 Bb4 19. Rc1 Na7 20. Bd1 Nb5 21. h3 Nc3 22. g4 Nxa4 23. bxa4 Bh7 24. Ne5 Rxc1 25. Qxc1 Bxd2 26. Qxd2 Rc8 27. Nd3 Qb1 28. Nc5 Ne4 29. Nxe4 Bxe4 0-1

[Event "FRA-chT2W 0203"]
[Site "France"]
[Date "2002.10.13"]
[Round "1"]
[White "Salami, Reza"]
[Black "Demanghon, Jonathan"]
[Result "0-1"]
[WhiteElo "2167"]
[BlackElo "2144"]
[PlyCount "79"]
[EventDate "2002.10.??"]
[EventType "team"]
[EventRounds "11"]
[EventCountry "FRA"]
[SourceTitle "EXT 2004"]
[Source "ChessBase"]
[SourceDate "2003.11.25"]
[SourceVersion "1"]
[SourceVersionDate "2003.11.25"]
[SourceQuality "1"]
[WhiteTeam "Brest"]
[BlackTeam "Rennes"]
[WhiteTeamCountry "FRA"]
[BlackTeamCountry "FRA"]

1. d4 d5 2. Nf3 Nf6 3. Bf4 c5 4. c3 Qb6 5. Qb3 c4 6. Qc2 g6 7. Nbd2 Bf5 8. Qc1 Nh5 9. e3 Nxf4 10. exf4 Bh6 11. g3 Qe6+ 12. Be2 Nd7 13. Nf1 Bd3 14. Qe3 Qb6 15. Qd2 Bxe2 16. Qxe2 f6 17. Ne3 Qd6 18. h4 0-0-0 19. b3 e5 20. dxe5 fxe5 21. 0-0 exf4 22. Ng4 Bg7 23. Rad1 fxg3 24. bxc4 Qf4 25. Ne3 Rhe8 26. cxd5 gxf2+ 27. Kxf2 Ne5 28. Kg2 Bh6 29. Nxe5 Qxe5 30. Qc4+ Kb8 31. Ng4 Qg7 32. d6 Rd7 33. Nf6 Rc8 34. Nxd7+ Qxd7 35. Qe4 Rxc3 36. Rf3 Rc8 37. Kf2 Bf8 38. Qd5 Rc2+ 39. Kf1 Rc8 40. Kf2 0-1

[Event "FRA-chT2"]
[Site "France"]
[Date "2002.03.??"]
[Round "11.4"]
[White "Neiman, Emmanuel"]
[Black "Salami, Reza"]
[Result "1-0"]
[WhiteElo "2279"]
[BlackElo "2195"]
[PlyCount "79"]
[EventDate "2002.??.??"]
[EventType "team"]
[EventRounds "11"]
[EventCountry "FRA"]
[SourceTitle "EXT 2003"]
[Source "ChessBase"]
[SourceDate "2002.11.25"]
[SourceVersion "1"]
[SourceVersionDate "2002.11.25"]
[SourceQuality "1"]

1. d4 d5 2. Bg5 Nf6 3. Bxf6 exf6 4. e3 Bb4+ 5. c3 Ba5 6. Bd3 0-0 7. Qh5 g6 8. Qh6 f5 9. h4 Qf6 10. h5 Qg7 11. Qf4 Nd7 12. Nd2 Nf6 13. h6 Qh8 14. 0-0-0 Be6 15. Nh3 c6 16. Ng5 Rac8 17. f3 Bc7 18. Qh4 Rfe8 19. Rdf1 Bd8 20. Qg3 c5 21. Kb1 cxd4 22. exd4 Bc7 23. Qh4 Nh5 24. g4 Ng3 25. Rfg1 Nxh1 26. gxf5 Ng3 27. fxe6 fxe6 28. Rxg3 Bxg3 29. Qxg3 Qf6 30. f4 Re7 31. Ndf3 Rf8 32. Nh3 a6 33. Ne5 Rc8 34. a3 Rcc7 35. Kc2 Kh8 36. Ng4 Qf8 37. Qe3 Qf7 38. Ng5 Qf8 39. Qe5+ Kg8 40. Nf6+ 1-0

[Event "FRA-chT2"]
[Site "France"]
[Date "2002.02.??"]
[Round "7"]
[White "Perrin, Guillaume"]
[Black "Salami, Reza"]
[Result "1-0"]
[WhiteElo "2155"]
[BlackElo "2195"]
[PlyCount "45"]
[EventDate "2002.??.??"]
[EventType "team"]
[EventRounds "11"]
[EventCountry "FRA"]
[SourceTitle "EXT 2003"]
[Source "ChessBase"]
[SourceDate "2002.11.25"]
[SourceVersion "1"]
[SourceVersionDate "2002.11.25"]
[SourceQuality "1"]

1. e4 e5 2. Nf3 Nc6 3. Bb5 a6 4. Ba4 Nf6 5. 0-0 b5 6. Bb3 Bb7 7. c3 d5 8. exd5 Nxd5 9. Re1 Be7 10. Nxe5 Nxe5 11. Rxe5 Nf4 12. d4 Nxg2 13. Qe2 f6 14. Rxb5 axb5 15. Qxb5+ Kf8 16. Qxb7 Nh4 17. Bf4 g5 18. Bxc7 Qe8 19. Nd2 h5 20. Re1 Qc8 21. Qd5 Qe8 22. Rxe7 Qxe7 23. Bd6 1-0

[Event "FRA-chT2"]
[Site "France"]
[Date "2002.01.??"]
[Round "6"]
[White "Salami, Reza"]
[Black "Bouvier, Bruno"]
[Result "0-1"]
[WhiteElo "2195"]
[BlackElo "2244"]
[PlyCount "62"]
[EventDate "2002.??.??"]
[EventType "team"]
[EventRounds "11"]
[EventCountry "FRA"]
[SourceTitle "EXT 2003"]
[Source "ChessBase"]
[SourceDate "2002.11.25"]
[SourceVersion "1"]
[SourceVersionDate "2002.11.25"]
[SourceQuality "1"]

1. d4 Nf6 2. Nf3 e6 3. Bg5 c5 4. e3 h6 5. Bh4 Be7 6. Nbd2 b6 7. Bd3 Bb7 8. Qe2 d6 9. c3 g5 10. Bg3 g4 11. Nh4 h5 12. h3 Nbd7 13. e4 cxd4 14. cxd4 Rc8 15. d5 Rg8 16. dxe6 fxe6 17. e5 Nxe5 18. Bxe5 dxe5 19. Rd1 e4 20. Nxe4 Kf7 21. Nxf6 Bb4+ 22. Kf1 Qxf6 23. hxg4 Rxg4 24. Nf3 Rxg2 25. Ne5+ Ke7 26. Rxh5 Rcg8 27. Rh7+ R8g7 28. Rxg7+ Rxg7 29. Bg6 Bd6 30. Nc4 Qxg6 31. Ke1 Bb4+ 0-1

[Event "Fouesnant op 07th"]
[Site "Fouesnant"]
[Date "2001.10.30"]
[Round "5"]
[White "Salami, Reza"]
[Black "Roche, Yves"]
[Result "0-1"]
[WhiteElo "2206"]
[BlackElo "2029"]
[PlyCount "83"]
[EventDate "2001.10.27"]
[EventType "swiss"]
[EventRounds "7"]
[EventCountry "FRA"]
[SourceTitle "EXT 2003"]
[Source "ChessBase"]
[SourceDate "2002.11.25"]
[SourceVersion "1"]
[SourceVersionDate "2002.11.25"]
[SourceQuality "1"]

1. d4 Nf6 2. Nf3 d5 3. Bf4 e6 4. e3 Be7 5. Bd3 Nh5 6. Nbd2 Nxf4 7. exf4 Nd7 8. c3 c5 9. dxc5 Nxc5 10. Bc2 Qc7 11. g3 Bd7 12. Ne5 Bc6 13. 0-0 Nd7 14. Re1 Nxe5 15. fxe5 Rd8 16. Nf3 0-0 17. Nd4 g6 18. h4 Bd7 19. h5 Kg7 20. Qg4 Rg8 21. Rad1 Qb6 22. b3 Rdf8 23. Re3 Kh6 24. Kg2 g5 25. Qe2 Rh8 26. Qd3 Qa6 27. c4 Bc6 28. Nxc6 bxc6 29. cxd5 Qxd3 30. Bxd3 cxd5 31. Rf3 g4 32. Rf4 Rhg8 33. Rc1 Bg5 34. Rc7 Bxf4 35. gxf4 Rg7 36. Rxa7 f6 37. Rxg7 Kxg7 38. exf6+ Rxf6 39. Kg3 e5 40. f5 e4 41. Bb5 Rxf5 42. Bd7 0-1

[Event "Fouesnant op 07th"]
[Site "Fouesnant"]
[Date "2001.10.30"]
[Round "7"]
[White "Salami, Reza"]
[Black "Toux, Stephane"]
[Result "1-0"]
[WhiteElo "2206"]
[BlackElo "1790"]
[PlyCount "59"]
[EventDate "2001.10.27"]
[EventType "swiss"]
[EventRounds "7"]
[EventCountry "FRA"]
[SourceTitle "EXT 2003"]
[Source "ChessBase"]
[SourceDate "2002.11.25"]
[SourceVersion "1"]
[SourceVersionDate "2002.11.25"]
[SourceQuality "1"]

1. d4 d5 2. Nf3 Nf6 3. Bf4 c5 4. e3 Nc6 5. c3 Bg4 6. Be2 e6 7. h3 Bh5 8. g4 Bg6 9. Ne5 cxd4 10. exd4 Bd6 11. h4 h6 12. Nxg6 fxg6 13. Bxd6 Qxd6 14. Qd3 0-0-0 15. Nd2 e5 16. dxe5 Nxe5 17. Qh3 Kb8 18. 0-0-0 Ka8 19. b4 Nc6 20. Qf3 Qc7 21. Bb5 Nd4 22. Qd3 Nxb5 23. Qxb5 Qf4 24. Kb1 Ne4 25. Nb3 Qd6 26. Rd4 a6 27. Qa5 Qc6 28. Rhd1 Nf6 29. g5 Nd7 30. Rxd5 1-0

[Event "Fouesnant op 05th"]
[Site "Fouesnant"]
[Date "1999.11.04"]
[Round "7"]
[White "Salami, Reza"]
[Black "Velikov, Petar"]
[Result "0-1"]
[WhiteElo "2262"]
[BlackElo "2473"]
[PlyCount "59"]
[EventDate "1999.10.??"]
[EventType "swiss"]
[EventRounds "9"]
[EventCountry "FRA"]
[SourceTitle "EXT 2001"]
[Source "ChessBase"]
[SourceDate "2000.11.22"]
[SourceVersion "1"]
[SourceVersionDate "2000.11.22"]
[SourceQuality "1"]

1. d4 Nf6 2. Nf3 g6 3. Nc3 d5 4. Bf4 Bg7 5. e3 0-0 6. Be2 b6 7. Ne5 Bb7 8. h4 Nbd7 9. h5 Nxe5 10. Bxe5 Nd7 11. Bxg7 Kxg7 12. Qd2 g5 13. 0-0-0 e6 14. f3 c5 15. Bb5 Nb8 16. f4 c4 17. e4 a6 18. Bxc4 dxc4 19. fxg5 Nd7 20. d5 e5 21. Ne2 Nc5 22. Ng3 Bc8 23. Rde1 c3 24. bxc3 Qd6 25. Nf5+ Bxf5 26. exf5 f6 27. h6+ Kh8 28. g6 Rfd8 29. g4 Na4 30. Rh3 0-1